| 000 | 00719nam a2200229 a 4500 | ||
|---|---|---|---|
| 005 | 20160112061420.0 | ||
| 008 | 140310b1999 ck ||||gr|||| 00| 0 spa d | ||
| 040 |
_aCO-BoIAVH _cCO-BoIAVH |
||
| 041 | _aspa | ||
| 044 | _ack | ||
| 090 |
_aFG _b0028 |
||
| 100 | 1 |
_aMojica Benítez, Hermes Orlando _918444 |
|
| 245 | 1 |
_aManual de piscicultura _bestanques piscicolas demostrativos en distritos de riesgo de pequeña escala |
|
| 260 |
_aVillavicencio _bINPA _c1999? |
||
| 300 |
_a23 paginas. _bilustraciones _c23 x 16 cm |
||
| 650 | 4 |
_aAcuicultura _949606 |
|
| 650 | 4 |
_aPiscicultura _949607 |
|
| 650 | 4 |
_aEstanques piscicolas _95197 |
|
| 650 | 4 |
_aManuales metodológicos _94712 |
|
| 662 | _aColombia | ||
| 942 |
_cFolleto _2z |
||
| 999 |
_c3087 _d3087 |
||